| 000 | 00465nam a2200157 a 4500 | ||
|---|---|---|---|
| 001 | 3687 | ||
| 005 | 20140414131900.0 | ||
| 008 | 061002s19uu xx 00 eng d | ||
| 020 | _a1-85326-136-x | ||
| 050 |
_aFIC _bB93 1994 |
||
| 100 | _aBurnett, Frances Hodson | ||
| 245 |
_aA little princes / _cby Frances Hodson Burnett. |
||
| 260 |
_aCumberland house, Crib St. Ware Hertfordshire : _bWordsworth classics, _cc1994. |
||
| 300 | _a256 p. ; cm. | ||
| 999 |
_c110616 _d110616 |
||